Music Quiz

Random Music or Song Quiz

The Gambler Clicky-oke Quiz Stats

 Plays Quiz Updated Mar 21, 2020

Support Sporcle.
Go Orange.
Score 0/28 Timer 04:00
1 Play Today
% Correct
on a train bound for nowhere
89.6%
out of readin' people's faces
85.8%
and asked me for a light
84.9%
and he drank down my last swallow
84.4%
I'll give you some advice
82.2%
know when to fold 'em
81.4%
and ev'ry hand's a loser
80.7%
and he began to speak
80.4%
out the window at the darkness
80.4%
ya gotta learn to play it right
80.2%
know when to run
79.4%
by the way they held their eyes
79.1%
when you're sittin' at the table
78.1%
knowing what to keep
77.6%
% Correct
when the dealin's done
77.5%
that the secret to survivin'
77.3%
when the dealin's done
77.3%
know when to fold 'em
77%
when you're sittin' at the table
77%
know when to run
76.8%
is to die in your sleep
76.5%
and his face lost all expression
75.9%
I can see you're out of aces
75.8%
we were both too tired to sleep
73.4%
he turned back towards the window
72.1%
an ace that I could keep
72%
faded off to sleep
71%
the gambler, he broke even
68.9%

From the Vault

Smallest FIFA World Cup Countries

by Ivan82

Sports 4m
It doesn't matter how small your country is, as long as you can kick a ball and wear a faux-hawk you can do well in the world cup.
Remove Ads.
Support Sporcle.
Get the best of Sporcle when you Go Orange. This ad-free experience offers more features, more stats, and more fun while also helping to support Sporcle. Thank you for becoming a member.

Show Comments

Extras

Top Quizzes Today


Score Distribution

Your Account Isn't Verified!

In order to create a playlist on Sporcle, you need to verify the email address you used during registration. Go to your Sporcle Settings to finish the process.

Report this User

Report this user for behavior that violates our Community Guidelines.

Details: